| 000 | 00985nac a22002531u 4500 | ||
|---|---|---|---|
| 010 | _a 2005004767 | ||
| 020 | _a1405122951 (pbk. : alk. paper) | ||
| 020 | _a9781405122955 (pbk. : alk. paper) | ||
| 082 | 0 | 0 |
_a690.837 _bBRY |
| 090 |
_c7502 _d7502 |
||
| 100 | _aBryan, Tony, | ||
| 245 | 1 | 0 |
_aConstruction technology : _banalysis and choice / _cTony Bryan. |
| 250 | _a1st ed. | ||
| 260 |
_aOxford, UK ; _aMalden, MA : _bBlackwell Pub.,2005 _cc2005. |
||
| 300 |
_ax, 260 p. : _bill. ; _c25 cm. |
||
| 500 | _aIncludes index. | ||
| 500 | _adistributer: Al-Ahram | ||
| 511 | _acatalogued by: wessam | ||
| 650 | 0 | _aBuilding. | |
| 856 | 4 | 1 |
_3Table of contents _uhttp://www.loc.gov/catdir/toc/ecip058/2005004767.html |
| 856 | 4 | 1 |
_3Publisher description _uhttp://www.loc.gov/catdir/enhancements/fy0802/2005004767-d.html |
| 942 |
_cBB _k690.837BRY |
||
| 999 |
_c7502 _d7502 |
||